[Event "Baden-ch op U1600"]
[Site "Birkenfeld"]
[Date "2013.06.01"]
[Round "6"]
[White "Wacker, Rainer"]
[Black "Markowitz, Dirk"]
[Result "1/2-1/2"]
[WhiteElo "1519"]
[BlackElo "1475"]
[PlyCount "37"]
[EventDate "2013.05.30"]
[EventType "swiss"]
[EventRounds "7"]
[EventCountry "GER"]
[SourceTitle "EXT 2014"]
[Source "ChessBase"]
[SourceDate "2013.11.20"]
[SourceVersion "1"]
[SourceVersionDate "2013.11.20"]
[SourceQuality "1"]

1. d4 d5 2. c4 Nf6 3. cxd5 Nxd5 4. e4 Nb6 5. Nc3 e6 6. Nf3 Bb4 7. Bd3 Nc6 8. Be3 Bd7 9. 0-0 Bxc3 10. bxc3 Na5 11. Qe2 a6 12. Ne5 Qe7 13. c4 Nc6 14. Nf3 Nb4 15. Rfc1 Nxd3 16. Qxd3 0-0 17. Rab1 f6 18. Nd2 Rab8 19. f4 1/2-1/2

[Event "Baden-ch op U1600"]
[Site "Birkenfeld"]
[Date "2013.05.30"]
[Round "2"]
[White "Wacker, Rainer"]
[Black "Senel, Osman"]
[Result "1/2-1/2"]
[WhiteElo "1519"]
[BlackElo "1583"]
[PlyCount "34"]
[EventDate "2013.05.30"]
[EventType "swiss"]
[EventRounds "7"]
[EventCountry "GER"]
[SourceTitle "EXT 2014"]
[Source "ChessBase"]
[SourceDate "2013.11.20"]
[SourceVersion "1"]
[SourceVersionDate "2013.11.20"]
[SourceQuality "1"]

1. d4 d5 2. c4 e6 3. Nc3 Nf6 4. Bg5 Be7 5. e3 0-0 6. Nf3 Nbd7 7. Bd3 c5 8. 0-0 h6 9. Bh4 cxd4 10. exd4 dxc4 11. Bxc4 Nb6 12. Bd3 Nfd5 13. Bg3 a6 14. Rc1 Bd7 15. Qe2 Bc6 16. Ne5 Rc8 17. Rfd1 Be8 1/2-1/2